LDR 01013naa#a2200193#i#450# 001 RU\\bibl\126610 005 20260704052036.6 011 ## _a2222-7962 100 ## _a20260628b2026####ek#y0rusy0150####ca 102 ## _aRU 200 1# _aОбоснование параметров и разработка конструкций навесных трелёвочных тележек для тракторов общего назначения _eЖурнальная статья 210 1# _aВоронеж _cВоронежский государственный лесотехнический университет имени Г.Ф. Морозова _d2026 215 ## _a16 с. 608 ## _aЖурнальная статья _2local 675 ## _aЛесное хозяйство. Лесоводство. 630 _z 700 #1 _aСиваков _gВладимир Викторович 700 #1 _aЗаикин _gАнатолий Николаевич 700 #1 _aЗеликов _gВладимир Анатольевич 856 4# _anaukaru.ru _u